Hydrological modelling of a watershed in a rainshadow region of western ghats, India (Record no. 4574)
[ view plain ]
| 000 -LEADER | |
|---|---|
| fixed length control field | 00631nam a22001697a 4500 |
| 003 - CONTROL NUMBER IDENTIFIER | |
| control field | OSt |
| 005 - DATE AND TIME OF LATEST TRANSACTION | |
| control field | 20220107122757.0 |
| 008 - FIXED-LENGTH DATA ELEMENTS--GENERAL INFORMATION | |
| fixed length control field | 150331b xxu||||| |||| 00| 0 eng d |
| 040 ## - CATALOGING SOURCE | |
| Transcribing agency | |
| 100 ## - MAIN ENTRY--PERSONAL NAME | |
| Personal name | Mithu Anirudhan (92312009) |
| 9 (RLIN) | 6339 |
| 245 ## - TITLE STATEMENT | |
| Title | Hydrological modelling of a watershed in a rainshadow region of western ghats, India |
| 502 ## - DISSERTATION NOTE | |
| Degree type | MSc. Geoinformatics |
| Name of granting institution | 2012 - 2014 |
| Year degree granted | INT |
| -- | Radhakrishnan T |
| -- | John C Mathew (School of Environmental Science) |
| Miscellaneous information | "School of Environmental Science, Kottayam" |
| 650 ## - SUBJECT ADDED ENTRY--TOPICAL TERM | |
| Topical term or geographic name entry element | MORPHOMETRIC ANALYSIS |
| 9 (RLIN) | 6340 |
| 650 ## - SUBJECT ADDED ENTRY--TOPICAL TERM | |
| Topical term or geographic name entry element | HYDROLOGICAL MODELS |
| 9 (RLIN) | 6341 |
| 650 ## - SUBJECT ADDED ENTRY--TOPICAL TERM | |
| Topical term or geographic name entry element | REMOTE SENSING |
| 9 (RLIN) | 6342 |
| 942 ## - ADDED ENTRY ELEMENTS (KOHA) | |
| Source of classification or shelving scheme | Dewey Decimal Classification |
| Koha item type | |
| Withdrawn status | Lost status | Source of classification or shelving scheme | Damaged status | Not for loan | Home library | Current library | Date acquired | Total Checkouts | Barcode | Date last seen | Price effective from | Koha item type |
|---|---|---|---|---|---|---|---|---|---|---|---|---|
| Dewey Decimal Classification | IIITM-K | Kerala University of Digital Sciences, Innovation and Technology Knowledge Centre | 31/03/2015 | R-504 | 31/03/2015 | 31/03/2015 | Project Reports |